| 000 | 00702nam a2200193Ii 4500 | ||
|---|---|---|---|
| 003 | JO-AjNU | ||
| 008 | 230605s9999||||xx |||||||||||||| ||und|| | ||
| 040 |
_aJO-AjNU _bara _erda _cJO-AjNU |
||
| 041 | _aara | ||
| 050 | 1 | 4 | _aBF575.A6.K3 |
| 100 | 3 |
_aموسى،كمال ابراهيم ، نجاتي،محمد عثمان/تقديم, _eauthor _917958 |
|
| 245 | 0 | 0 | _aالقلق وعلاقته بالشخصية في مرحلة المراهقة |
| 264 | 3 | 1 | _aالقاهرة:دار النهضة العربية ،د.ت |
| 300 |
_a376ص _bيشتمل على جداول |
||
| 336 |
_atext _btxt _2rdacontent |
||
| 337 |
_aunmediated _bn _2rdamedia |
||
| 338 |
_avolume _bnc _2rdacarrier |
||
| 650 | 4 |
_aقلق _917959 |
|
| 999 |
_aA5654 _c9222 _d9222 |
||